Branyiszkó [elbeszélés]

Elmentve itt :
Bibliográfiai részletek
Dokumentumtípus: Cikk
Megjelent: 1939
Sorozat:Gyakorlati pedagógia
Kulcsszavak:Magyar irodalom - novella
Tárgyszavak:
Online Access:http://acta.bibl.u-szeged.hu/51744
LEADER 00596nab a2200181 i 4500
001 acta51744
005 20250407082259.0
008 180508s1939 hu o 000 hun d
040 |a SZTE Egyetemi Kiadványok Repozitórium  |b hun 
041 |a hun 
245 0 0 |a Branyiszkó   |h [elektronikus dokumentum] :  |b [elbeszélés] 
260 |c 1939 
300 |a 52-53 
490 0 |a Gyakorlati pedagógia 
650 4 |a Bölcsészettudományok 
650 4 |a Nyelvek és irodalom 
695 |a Magyar irodalom - novella 
856 4 0 |u http://acta.bibl.u-szeged.hu/51744/1/gyakorlati_1939_001_002_052-053.pdf  |z Dokumentum-elérés